00686cac a22001931u 4500090000900000008004100009010001300050020001500063082001900078245008200097260005300179300002600232500001500258500003500273504003000308942002600338999001500364952011300379 c1831081112t1974 xxu||||| |||| 00| 0 eng d a74003997 a080140836900a301.29953bERR10aKaravar : bMasks and Power in a Melanesian Ritual /cFrederick K. Errington. aIthaca [N.Y.]bCornell University Press,cc1974. a259 p.bill.;c22 cm. aDonations. aDonations - Dr. Mostafa Gouda. aBibliography: p. 255-256. cBBk301.29953ERR2ddc c1831d1831 00102ddc4070aMAINbMAINc1STd2006-12-18ePurchasel0o301.29953 ERRp000002486r2025-07-15 00:00:00yBB